| 000 -CABECERA |
| Longitud fija campo de control |
01202nam a2200349 a 4500 |
| 001 - NÚMERO DE CONTROL |
| Número de control |
991001789559706706 |
| 003 - IDENTIFICADOR DEL NÚMERO DE CONTROL |
| Identificador del número de control |
OSt |
| 005 - FECHA Y HORA DE LA ÚLTIMA TRANSACCIÓN |
| Fecha y hora de la última transacción |
20211213115054.0 |
| 008 - CÓDIGOS DE INFORMACIÓN DE LONGITUD FIJA |
| Códigos de información de longitud fija |
920131s1987 sp 000 0 spa|c |
| 017 ## - NÚMERO DE COPYRIGHT O DE DEPÓSITO LEGAL |
| Número de copyright o de depósito legal |
DL M. 30067-1987 |
| 020 ## - NÚMERO INTERNACIONAL NORMALIZADO PARA LIBROS |
| Número Internacional Normalizado para Libros (ISBN) |
8450565049 |
| 035 ## - NÚMERO DE CONTROL DEL SISTEMA |
| Número de control del sistema |
(ES-BaCBU)b10395064-34csuc_network |
| 035 ## - NÚMERO DE CONTROL DEL SISTEMA |
| Número de control del sistema |
(ES-BaCBU).b10395064 |
| 035 ## - NÚMERO DE CONTROL DEL SISTEMA |
| Número de control del sistema |
(ccuc001)b10395064 |
| 035 ## - NÚMERO DE CONTROL DEL SISTEMA |
| Número de control del sistema |
(OCoLC)801923075 |
| 040 ## - FUENTE DE LA CATALOGACIÓN |
| Centro catalogador de origen |
ES-BaCBU |
| Lengua de catalogación |
cat |
| Centro transcriptor |
CDMR |
| 080 ## - NÚMERO DE LA CLASIFICACIÓN DECIMAL UNIVERSAL |
| Número de la Clasificación Decimal Universal |
654.17:070.431 |
| 080 ## - NÚMERO DE LA CLASIFICACIÓN DECIMAL UNIVERSAL |
| Número de la Clasificación Decimal Universal |
070.431:654.17 |
| 090 ## - CAMPOS LOCALES |
| Número de clasificación (OCLC) ; Número de clasificación,LLAMADA (RLIN) |
PN4784.T4 |
| Signatura local (OCLC) ; Signatura sin dividir, número de libro, CALL (RLIN) |
P54 1987 |
| 100 1# - PUNTO DE ACCESO PRINCIPAL-NOMBRE DE PERSONA |
| Nombre de persona |
Piedrahita, Manuel |
| 9 (RLIN) |
811 |
| 245 10 - MENCIÓN DE TÍTULO |
| Título |
Teleperiodismo : |
| Resto del título |
ante el reto de la televisión privada / |
| Mención de responsabilidad, etc. |
Manuel Piedrahíta |
| 260 ## - PUBLICACIÓN, DISTRIBUCIÓN, ETC. (PIE DE IMPRENTA) |
| Lugar de publicación, distribución, etc. |
Madrid : |
| Nombre del editor, distribuidor, etc. |
Instituto Oficial de Radio y Televisión, |
| Fecha de publicación, distribución, etc. |
1987 |
| 300 ## - DESCRIPCIÓN FÍSICA |
| Extensión |
109 p. ; |
| Dimensiones |
21 cm |
| 500 ## - NOTA GENERAL |
| Nota general |
A la coberta: Ente Público RTVE |
| 504 ## - NOTA DE BIBLIOGRAFÍA, ETC |
| Nota de bibliografía, etc. |
Notes. Bibliografia |
| 650 #7 - PUNTO DE ACCESO ADICIONAL DE MATERIA - TÉRMINO DE MATERIA |
| Término de materia o nombre geográfico como elemento inicial |
Televisió privada |
| Fuente del encabezamiento o término |
thub |
| Subdivisión geográfica |
Espanya |
| Subdivisión de materia general |
Història |
| 650 04 - PUNTO DE ACCESO ADICIONAL DE MATERIA - TÉRMINO DE MATERIA |
| Término de materia o nombre geográfico como elemento inicial |
Televisió |
| Subdivisión de materia general |
Noticiaris |
| Subdivisión geográfica |
Espanya |
| Subdivisión de forma |
Història |
| 710 2# - PUNTO DE ACCESO ADICIONAL - NOMBRE DE ENTIDAD |
| Nombre de entidad o nombre de jurisdicción como elemento inicial |
Instituto Oficial de Radio y Televisión (Espanya) |
| 9 (RLIN) |
2097 |
| 907 ## - ELEMENTO G DATOS LOCALES, GDL (RLIN) |
| a |
.b10395064 |
| b |
23-06-21 |
| c |
06-05-08 |
| d |
31-01-92 |
| e |
m |
| f |
a |
| g |
- |
| h |
spa |
| i |
sp |
| j |
0 |
| k |
3 |
| 908 ## - CONTROL DE PARÁMETROS (RLIN) |
| Parametro de comando lanzado |
UAB |
| -- |
UPF |
| -- |
UB |
| -- |
URL |
| -- |
GEPA |
| -- |
UJI |
| 942 ## - ENTRADA DE ELEMENTOS AGREGADOS (KOHA) |
| Fuente de clasificaión o esquema |
|
| Koha [por defecto] tipo de item |
Monografies |